Peringatan Raja-Raja Kedah (Record no. 110296)

MARC details
000 -LEADER
fixed length control field 00755nam a2200241 i 4500
001 - CONTROL NUMBER
control field C2-0307552
003 - CONTROL NUMBER IDENTIFIER
control field PPAK
005 - DATE AND TIME OF LATEST TRANSACTION
control field 20180728094259.0
008 - FIXED-LENGTH DATA ELEMENTS--GENERAL INFORMATION
fixed length control field 110303s2009 xx |||| ||||| | may d
040 ## - CATALOGING SOURCE
Original cataloging agency PPAK
Language of cataloging eng
Transcribing agency PPAK
Description conventions rda
082 04 - DEWEY DECIMAL CLASSIFICATION NUMBER
Classification number 923.1595112
Edition number 23
090 00 - LOCALLY ASSIGNED LC-TYPE CALL NUMBER (OCLC); LOCAL CALL NUMBER (RLIN)
Classification number (OCLC) (R) ; Classification number, CALL (RLIN) (NR) 923.1595112
Feature heading PER
Feature heading KK
245 00 - TITLE STATEMENT
Title Peringatan Raja-Raja Kedah
Remainder of title Kumpulan catatan dan warkah oleh Dato' Bendahara Kota Indera Kayangan
264 #1 - PRODUCTION, PUBLICATION, DISTRIBUTION, MANUFACTURE, AND COPYRIGHT NOTICE
Date of production, publication, distribution, manufacture, or copyright notice 2009
300 ## - PHYSICAL DESCRIPTION
Extent 36 pages ;
Dimensions 30 cm
336 ## - CONTENT TYPE
Source rdacontent
Content type term text
337 ## - MEDIA TYPE
Source rdamedia
Media type term unmediated
338 ## - CARRIER TYPE
Source rdacarrier
Carrier type term volume
500 ## - GENERAL NOTE
General note Transliterasi jawi ke rumi oleh Dr. Ibrahim Bakar Langkawi
650 10 - SUBJECT ADDED ENTRY--TOPICAL TERM
Topical term or geographic name entry element Head of state - Kedah
700 0# - ADDED ENTRY--PERSONAL NAME
Personal name Fakir Yahya bin Muhammad Hanafi,
Relator term compile
942 ## - ADDED ENTRY ELEMENTS (KOHA)
-- dc
Koha item type Book
Holdings
Withdrawn Not for loan Current library Shelving location Date acquired Full call number Barcode Date last seen Koha item type
  Not For Loan Perpustakaan Alor Setar Koleksi Kedah 03/03/2011 KK 923.1595112 PER A00363873 09/05/2018 Book
  Not For Loan Perpustakaan Alor Setar Koleksi Kedah 13/03/2011 KK 923.1595112 PER A00363874 09/05/2018 Book